Teología de la eucaristía

Gorde:
Xehetasun bibliografikoak
Egile nagusia: Gerken, Alexander (Egilea)
Formatua: Liburua
Hizkuntza:gaztelania
Argitaratua: Madrid Paulinas 1991
Saila:Biblioteca de Teología, 10
Gaiak:
Etiketak: Etiketa erantsi
Etiketarik gabe, Izan zaitez lehena erregistro honi etiketa jartzen!

MARC

LEADER 00000nam a2200000 a 4500
001 UCX4937
003 CL-VaPUC
008 920813e19910000SP |||||||||||||||||spa|d
082 0 4 |a 234.163  |b GER  |2 21 
100 0 |a Gerken, Alexander  |e author  |9 321224 
245 1 0 |a Teología de la eucaristía 
300 |a 284 p 
942 |c BK 
945 |d 19920813 00:00:00 
260 |a Madrid  |b Paulinas  |c 1991 
650 0 |a Eucaristía  |9 257336 
583 |a last modification  |c 19920813 00:00:00  |k Rodrigo Vera 
490 0 |a Biblioteca de Teología, 10 
999 |c 225302  |d 225300 
952 |0 0  |1 0  |4 0  |6 234_163000000000000_GER_1991  |7 0  |8 A  |9 222701  |a BIBTEO  |b BIBTEO  |d 2019-11-15  |i 2914964  |o 234.163 GER 1991  |p 2914964  |r 2025-01-17  |w 2019-11-15  |y BK  |k ICR